000 00798nam a2200241 u 4500
005 20240925070033.0
008 070824s1979 r 000 0 eng d
020 _a8403519974
035 _aUPN01000151412
049 _aCG
050 4 _aBD216
_bB5.6
100 1 _aBloch, Ernst,
_d1885-1977
_939510
245 1 3 _aEl principio esperanza /
_cErnest Bloch.
260 _aMadrid :
_bAguilar,
_c1979.
300 _av.
440 0 _aBiblioteca filosófica
500 _aLa Biblioteca tiene el tomo 2 y tomo 3
505 8 _aContenido:
_gv. 2.
_tParte cuarta (construcción), esquemas de un mundo mejor --
_gv. 3.
_tParte quinta (identidad), imágenes desiderativas del momento pleno
650 2 _aEsperanza
_922222
650 4 _aUtopías
_917449
650 2 _aImaginación
_910940
905 _aLibros
999 _c123549
_d123549